000 00650cam a2200217 a 4500
001 14079039
005 20180316044120.0
008 050818s2006 mau 000 0 eng
010 _a 2005932491
020 _a0312419090 (pbk. : alk. paper)
040 _aDLC
_cDLC
_dDLC
041 _aeng
080 _a371
082 _2371 REY
100 1 _a25
101 _aEDU
245 1 0 _aPortfolio keeping :
_cNedra Reynolds, Rich Rice.
906 _a7
_bcbc
_corignew
_d2
_eepcn
_f20
_gy-gencatlg
942 _2ddc
_cBK
999 _c45213
_d45213